01460cam a2200241 i 4500020001500000020001800015041001200033082001300045100002300058245002500081250001900106260005000125300005700175505032800232520031200560650002600872856006800898856006800966856006801034942000701102952009201109999001701201 a0198716044 a9780198716044 aEnglish04a215bSTE1 aSteane, Andrew M.,10aFaithful to science  aFirst edition. aUnited KingdombOxford University Pressc2014 aviii, 255 pages :billustrations (black and white) ;0 aPart I. Science and nature. Faith and engagement -- Science and faith -- The nature of the physical world -- Autobiographical sketch -- Keeping science -- The book of marvels -- Half way -- Part II. Origins. The argument from design -- Genesis -- Human origins -- Comparing notes -- Final comments -- Appendix: Two legends.8 aScience and religious faith are two of the most important and influential forces in human life, yet there is widespread confusion about how, or indeed whether, they link together. This book describes this combination from the perspective of one who finds that they link together productively and creatively. 0aReligion and science.41uhttp://www.loc.gov/catdir/enhancements/fy1506/2013957450-t.html42uhttp://www.loc.gov/catdir/enhancements/fy1506/2013957450-d.html42uhttp://www.loc.gov/catdir/enhancements/fy1506/2013957450-b.html cBK 00104070aHMIbHMIcGENd2018-10-24l0o215 STEp11003745r2026-01-16w2026-01-16yBK c22380d22380